<?xml version="1.0" encoding="UTF-8"?><?xml-stylesheet type="text/xsl" href="static/style.xsl"?><OAI-PMH xmlns="http://www.openarchives.org/OAI/2.0/" xmlns:xsi="http://www.w3.org/2001/XMLSchema-instance" xsi:schemaLocation="http://www.openarchives.org/OAI/2.0/ http://www.openarchives.org/OAI/2.0/OAI-PMH.xsd"><responseDate>2026-06-07T17:25:21Z</responseDate><request verb="GetRecord" identifier="oai:docta.ucm.es:20.500.14352/99907" metadataPrefix="marc">https://docta.ucm.es/rest/oai/request</request><GetRecord><record><header><identifier>oai:docta.ucm.es:20.500.14352/99907</identifier><datestamp>2024-08-19T23:45:29Z</datestamp><setSpec>com_20.500.14352_14</setSpec><setSpec>col_20.500.14352_15</setSpec></header><metadata><record xmlns="http://www.loc.gov/MARC21/slim" xmlns:dcterms="http://purl.org/dc/terms/" xmlns:xsi="http://www.w3.org/2001/XMLSchema-instance" xmlns:doc="http://www.lyncode.com/xoai" xsi:schemaLocation="http://www.loc.gov/MARC21/slim http://www.loc.gov/standards/marcxml/schema/MARC21slim.xsd">
   <leader>00925njm 22002777a 4500</leader>
   <datafield ind2=" " ind1=" " tag="042">
      <subfield code="a">dc</subfield>
   </datafield>
   <datafield ind2=" " ind1=" " tag="720">
      <subfield code="a">Santos López, Aurora</subfield>
      <subfield code="e">author</subfield>
   </datafield>
   <datafield ind2=" " ind1=" " tag="720">
      <subfield code="a">Fernández, Jesús </subfield>
      <subfield code="e">author</subfield>
   </datafield>
   <datafield ind2=" " ind1=" " tag="720">
      <subfield code="a">Rodríguez Vega, Sergio</subfield>
      <subfield code="e">author</subfield>
   </datafield>
   <datafield ind2=" " ind1=" " tag="720">
      <subfield code="a">Domínguez Torre, Carmen María</subfield>
      <subfield code="e">author</subfield>
   </datafield>
   <datafield ind2=" " ind1=" " tag="720">
      <subfield code="a">Lominchar, Miguel Ángel</subfield>
      <subfield code="e">author</subfield>
   </datafield>
   <datafield ind2=" " ind1=" " tag="720">
      <subfield code="a">Lorenzo Fernández, David</subfield>
      <subfield code="e">author</subfield>
   </datafield>
   <datafield ind2=" " ind1=" " tag="720">
      <subfield code="a">Romero Salvador, Arturo</subfield>
      <subfield code="e">author</subfield>
   </datafield>
   <datafield ind2=" " ind1=" " tag="260">
      <subfield code="c">2018</subfield>
   </datafield>
   <datafield ind2=" " ind1=" " tag="520">
      <subfield code="a">In this work, in situ chemical oxidation (ISCO) with alkali activated persulfate has been tested for the elimination of HCH isomers and other chlorinated compounds in groundwater from Sabiñanigo (Sardas landfill), which was contaminated by solid and liquid wastes illegally dumped in the area by a company producing lindane. Due to the site lithology and the type of pollutants found in groundwater (HCHs and chlorobenzenes) alkali (NaOH) activated persulfate (PS) was selected as oxidant. The influence of variables such as PS concentration (42–200 mM) and NaOH:PS molar ratio (2:1 to 4:1) on chlorinated compound abatement has been studied and a kinetic model to predict the composition of all chlorinated organic compounds (COCs) in the aqueous phase with time was obtained. It was found that a fast initial hydrodechlorination reaction took place in which HCH isomers reacted to trichlorobenzenes (mainly 1,2,4 TCB) at pH ≥ 12. Mono-, di-, tri and tetrachlorobenzenes remaining were oxidized without producing aromatic intermediates. At the condition tested a first order kinetic model for COCs and PS concentration was obtained. Zero order alkali concentration was obtained while pH was being kept at 12 for the whole reaction time.</subfield>
   </datafield>
   <datafield ind1="8" ind2=" " tag="024">
      <subfield code="a">Santos, A., et al. «Abatement of Chlorinated Compounds in Groundwater Contaminated by HCH Wastes Using ISCO with Alkali Activated Persulfate». Science of The Total Environment, vol. 615, febrero de 2018, pp. 1070-77. https://doi.org/10.1016/j.scitotenv.2017.09.224.</subfield>
   </datafield>
   <datafield ind1="8" ind2=" " tag="024">
      <subfield code="a">0048-9697</subfield>
   </datafield>
   <datafield ind1="8" ind2=" " tag="024">
      <subfield code="a">10.1016/j.scitotenv.2017.09.224</subfield>
   </datafield>
   <datafield ind1="8" ind2=" " tag="024">
      <subfield code="a">https://hdl.handle.net/20.500.14352/99907</subfield>
   </datafield>
   <datafield ind1="8" ind2=" " tag="024">
      <subfield code="a">https://doi.org/10.1016/j.scitotenv.2017.09.224.</subfield>
   </datafield>
   <datafield ind2="0" ind1="0" tag="245">
      <subfield code="a">Abatement of chlorinated compounds in groundwater contaminated by HCH wastes using ISCO with alkali activated persulfate</subfield>
   </datafield>
</record></metadata></record></GetRecord></OAI-PMH>